Catálogo
 En Linea

La medicina en el siglo XXI : (Registro nro. 29500)

Detalles MARC
000 -CABECERA
campo de control de longitud fija 00818nam a2200145 a 4500
001 - NÚMERO DE CONTROL
campo de control 000030008
005 - FECHA Y HORA DE LA ÚLTIMA TRANSACCIÓN
campo de control 20200930055957.0
008 - DATOS DE LONGITUD FIJA--INFORMACIÓN GENERAL
campo de control de longitud fija 110428s2000 dr c 000 0 spa d
040 ## - FUENTE DE LA CATALOGACIÓN
Centro catalogador/agencia de origen DO-SdBNP
Lengua de catalogación spa
Centro/agencia transcriptor BNPHU
100 1# - ENTRADA PRINCIPAL--NOMBRE DE PERSONA
Nombre de persona Taveras Rodríguez, Juan Manuel,
Fechas asociadas al nombre 1919-
9 (RLIN) 56727
245 13 - MENCIÓN DE TÍTULO
Título La medicina en el siglo XXI :
Resto del título su desarrollo en la República Dominicana /
Mención de responsabilidad, etc. Juan Manuel Taveras Rodríguez.
260 ## - PUBLICACIÓN, DISTRIBUCIÓN, ETC.
Lugar de publicación, distribución, etc. Santo Domingo :
Nombre del editor, distribuidor, etc. Cámara Americana de Comercio de la República Dominicana,
Fecha de publicación, distribución, etc. 2000.
300 ## - DESCRIPCIÓN FÍSICA
Extensión 32 p :
Otras características físicas retr. ;
Dimensiones 28 cm.
500 ## - NOTA GENERAL
Nota general Conferencia dictada por el Dr. Juan Manuel Taveras Rodríguez, profesor emérito de la escuela de medicina de la Universidad de Harvard y asesor internacional permanente del Centro de Diagnóstico, Medicina Avanzada, Laboratorio y Telemedicina (CEDIMAT) y de la Plaza de la Salud
Existencias
Estado de retiro Estado de pérdida No para préstamo Código de colección Localización permanente Ubicación/localización actual Ubicación en estantería Fecha de adquisición Número de inventario Total de préstamos Signatura topográfica completa Código de barras Fecha visto por última vez Precio válido a partir de Tipo de ítem Koha Número de copia
    Excluido de préstamo Patrimonio Dominicano Patrimonio Dominicano Patrimonio Dominicano En catalogación 28.04.2011 LF1   30008-10 25.06.2020 25.06.2020 Libro y Folleto Colección Patrimonio Dominicano  
    Excluido de préstamo Patrimonio Dominicano Patrimonio Dominicano Patrimonio Dominicano En catalogación 28.04.2011 LF1   30008-20 25.06.2020 25.06.2020 Libro y Folleto Colección Patrimonio Dominicano e. 2

Con tecnología Koha